الضرائب فى النظام المالى الاسلامى "دراسة الاردن"
Saved in:
| 主要作者: | |
|---|---|
| 其他作者: | |
| 格式: | Thesis |
| 语言: | Arabic |
| 出版: |
اربد، الأردن
: جامعة اليرموك، كلية الشريعة والدراسات الاسلامية،
1991
|
| 主题: | |
| 标签: |
添加标签
没有标签, 成为第一个标记此记录!
|
| LEADER | 011190000a22002770004500 | ||
|---|---|---|---|
| 001 | 60782 | ||
| 005 | 19990407032400.0 | ||
| 008 | 930113s1991 ara | ||
| 035 | |a 231512 | ||
| 035 | |a (Sirsi) 60782 | ||
| 040 | |a UIAM |b eng | ||
| 049 | |b m | ||
| 050 | |a BP158.4E82 | ||
| 100 | 1 | |a خريس، ابراهيم محمد ابراهيم | |
| 245 | 1 | 0 | |a الضرائب فى النظام المالى الاسلامى "دراسة الاردن" |
| 246 | 0 | 4 | |a al-Dara'ib fi al-nizam al-mali al-Islami :"dirasah muqaranah" / |c i'dad Ibrahim Muhammad Ibrahim Khareis |
| 260 | 1 | |a اربد، الأردن |b : جامعة اليرموك، كلية الشريعة والدراسات الاسلامية، |c 1991 | |
| 300 | |a 213 p. | ||
| 502 | |a (M.A.)--Kulliyat al-Shari'ah, Jami'at al-Yarmuk, 1991 | ||
| 533 | |a One copy | ||
| 596 | |a 1 | ||
| 650 | 0 | |a Taxation (Islamic law) | |
| 700 | 1 | |a Khareis, Ibrahim Muhammad Ibrahim | |
| 900 | |a abu-khs-210495 | ||
| 999 | |c 429928 |d 461419 | ||
| 952 | |0 0 |6 T BP 000158.4 E82K45D |7 0 |8 THESES |9 748850 |a IIUM |b IIUM |c MULTIMEDIA |g 0.00 |o t BP158.4E82K45D |p 00000207677 |r 2017-10-17 |t 1 |v 0.00 |y THESIS | ||
